000 00472nam a22001577a 4500
005 20260227010352.0
008 260227b |||||||| |||| 00| 0 eng d
020 _a9719155280
040 _cjhcsc
082 _21
_a005
100 _910186
_aTokunbo "Michael" Osilaja
_eAuthor
245 _aThe Computer Knowledge Book
_bMicrosoft Powerpoint
_cTokunbo "Michael" Osilaja
260 _aPhilippines
_bK.Y.A Corporation
_cc2004
300 _aviii,148 p
_bill.
942 _2ddc
_cBOOK
999 _c11370
_d11370